000 00668nam a2200241Ia 4500
003 OSt
005 20221006155353.0
006 a|||||r|||| 00| 0
007 ta
008 221006b |||||||| |||| 00| 0 eng d
024 _a41,770
037 _cSeries Articles
040 _aEASL
_cEASL
_beng
041 _2eng
_aeng
100 _aMasafumi Asda
_9668985
245 0 _aChina-Russia-Japan military blance in manchuria, 1906-1918
260 _aCambridge
_bCambridge University Press UK
_c2010
300 _a1283-1313
_ccm.
490 _v44
650 _aMilitary Science
_9668986
942 _cREF
_2CC
999 _c1109856
_d1109856